Cantemos con los niños

Gardado en:
Detalles Bibliográficos
Main Authors: Castañeda, María Inés (Author), Joven, José Vicente (Author)
Formato: Libro
Idioma:Lingua castelá
Publicado: Bogotá Magisterio 1992
Series:Colección Aula Alegre
Subjects:
Tags: Engadir etiqueta
Sen Etiquetas, Sexa o primeiro en etiquetar este rexistro!

MARC

LEADER 00000nam a2200000 a 4500
001 UCX9014
003 CL-VaPUC
008 940511e19920000CK |||||||||||||||||spa|d
082 0 4 |a 372.87  |b CAS  |2 21 
100 0 |a Castañeda, María Inés  |e author  |9 326296 
700 0 |a Joven, José Vicente  |e author  |9 326297 
245 1 0 |a Cantemos con los niños 
300 |a 95 p 
942 |c BK 
945 |d 19940511 00:00:00  |a rbrito 
260 |a Bogotá  |b Magisterio  |c 1992 
650 7 |a MUSICA PARA JARDINES INFANTILES  |2 CL-VaPUC  |9 309606 
650 7 |a CANCIONES ESCOLARES  |2 CL-VaPUC  |9 309605 
583 |a last modification  |c 19940511 00:00:00  |k Rodrigo Vera 
490 0 |a Colección Aula Alegre 
999 |c 228371  |d 228369 
952 |0 0  |1 0  |4 0  |6 372_870000000000000_CAS_1992  |7 0  |8 P  |9 228361  |a BIBEDU  |b BIBEDU  |c BIBEDU_PB  |d 2019-11-15  |i 2979357  |o 372.87 CAS 1992  |p 2979357  |r 2024-01-25  |w 2019-11-15  |y BK  |k EDU